| 000 | 02421cam a22004938i 4500 | ||
|---|---|---|---|
| 001 | 1268120722 | ||
| 003 | OCoLC | ||
| 005 | 20220426161252.0 | ||
| 008 | 210910s2022 nyu 000 1 eng | ||
| 010 | _a2021041710 | ||
| 020 |
_a9781538704370 _q(trade paperback) |
||
| 020 |
_a1538704374 _q(trade paperback) |
||
| 020 |
_a9781538708729 _q(hardcover) |
||
| 020 |
_a1538708728 _q(hardcover) |
||
| 020 |
_z9781538704363 _q(ebook) |
||
| 035 | _a(OCoLC)1268120722 | ||
| 040 |
_aDLC _beng _erda _cDLC _dBDX _dY[dollar]5 _dOCO _dOCLCO _dYU6 _dHEV |
||
| 042 | _apcc | ||
| 050 | 0 | 0 |
_aPS3610.I47 _bP37 2022 |
| 082 | 0 | 0 |
_a813/.6 _223 |
| 092 | _aF Jimenez | ||
| 100 | 1 |
_aJimenez, Abby, _eauthor. |
|
| 245 | 1 | 0 |
_aPart of your world / _cAbby Jimenez. |
| 250 | _aFirst edition. | ||
| 263 | _a2204. | ||
| 264 | 1 |
_aNew York : _bForever, _c2022. |
|
| 300 |
_a388 pages ; _c22 cm. |
||
| 336 | _atext | ||
| 337 | _aunmediated | ||
| 338 | _avolume | ||
| 500 | _aIncludes reading group guide. | ||
| 520 | _a"People expect big things from Alexis Montgomery. She's a thirty-seven-year-old doctor from a wealthy and prestigious family full of world-renowned surgeons. Only, Alexis is tired of living up to her family's dreams for her. Now she's about to take her bravest step yet: start living her life for herself. Daniel Grant is a twenty- eight-year-old small-town carpenter with a heart of gold and a legacy of his own. He may not have gone to college, but he's always known just what he wants for his future. What he never counted on was meeting the woman who would make him question all he'd ever believed he needed. One fateful night their worlds collide, and soon the two are spending all the time they can together. Their families, their friends, and their lifestyles are worlds apart... yet something about being together just clicks. But when word of their new relationship gets out, they are not at all prepared for what happens next"-- | ||
| 650 | 0 |
_aWomen surgeons _vFiction. _95679193 |
|
| 650 | 0 |
_aFamilies _vFiction. _95674501 |
|
| 650 | 0 |
_aCarpenters _vFiction. _95700772 |
|
| 650 | 0 |
_aMan-woman relationships _vFiction. _95674079 |
|
| 655 | 0 | _aHumorous fiction. | |
| 655 | 0 | _aRomance fiction. | |
| 655 | 0 | _aLove stories. | |
| 655 | 7 |
_aHumorous fiction. _2lcgft. |
|
| 655 | 7 |
_aRomance fiction. _2lcgft. |
|
| 907 | _a.b462544734 | ||
| 942 |
_2ddc _cBOOK |
||
| 999 |
_c372875 _d372875 |
||